Ciencias Naturales, Biología 1er año Medio: texto para el profesor
Shranjeno v:
| Main Authors: | , , |
|---|---|
| Format: | Knjiga |
| Jezik: | španščina |
| Izdano: |
Santiago
McGraw-Hill
2003
|
| Izdaja: | 1a. ed |
| Teme: | |
| Oznake: |
Označite
Brez oznak, prvi označite!
|
MARC
| LEADER | 00000nam a2200000 a 4500 | ||
|---|---|---|---|
| 001 | UCI7799 | ||
| 003 | CL-VaPUC | ||
| 008 | 080725e20030000CL |||||||||||||||||spa|d | ||
| 020 | |a 9562781348 | ||
| 082 | 0 | 4 | |a 570.712 |b VIL |2 21 |
| 100 | 0 | |a Villagra Massera, Lorenzo |e author |9 531091 | |
| 700 | 0 | |a Cataldo Ramos, Juan |e author |9 531092 | |
| 700 | 0 | |a Cerda Bascuñán, César |e author |9 531093 | |
| 245 | 1 | 0 | |a Ciencias Naturales, Biología 1er año Medio: texto para el profesor |
| 250 | |a 1a. ed | ||
| 300 | |a 67+253 p | ||
| 942 | |c BK | ||
| 945 | |d 20080725 00:00:00 |a rbrito | ||
| 260 | |a Santiago |b McGraw-Hill |c 2003 | ||
| 500 | |a Incluye texto para el estudiante | ||
| 650 | 0 | |a Enseñanza de la biología |9 338701 | |
| 650 | 0 | |a Biología |9 262022 | |
| 583 | |a last modification |c 20080725 00:00:00 |k Rodrigo Vera | ||
| 999 | |c 330945 |d 330943 | ||